On cooking : a textbook of culinary fundamentals /
Professionalism. Food safety and sanitation. Nutrition. Recipes and menus. Tools and equipment. Knife skills. Kitchen staples. Dairy products. Principles of cooking. Stocks and sauces...
Enregistré dans:
| Auteur principal: | |
|---|---|
| Autres auteurs: | |
| Format: | Livre |
| Langue: | English |
| Publié: |
Upper Saddle River, N.J. :
Prentice Hall,
1999.
|
| Édition: | 2nd ed. |
| Sujets: | |
| Tags: |
Ajouter un tag
Pas de tags, Soyez le premier à ajouter un tag!
|
| Thư viện lưu trữ: | Mạng thư viện Đại học Đà Nẵng |
|---|
| LEADER | 01078cam a2200349 i 4500 | ||
|---|---|---|---|
| 001 | 000047470 | ||
| 003 | 7150 | ||
| 005 | 20030311110454.0 | ||
| 008 | 010324|1999 vm 000 eng | ||
| 020 | |a 0138626405 | ||
| 040 | |a IRC |c IRC |d IRC | ||
| 041 | 0 | |a eng | |
| 082 | 1 | 4 | |a 641.5 |b LA-S |
| 100 | 1 | |a Labensky, Sarah R. | |
| 245 | 0 | 0 | |a On cooking : |b a textbook of culinary fundamentals / |c Sarah R. Labensky, Alan M. Hause. |
| 250 | |a 2nd ed. | ||
| 260 | |a Upper Saddle River, N.J. : |b Prentice Hall, |c 1999. | ||
| 300 | |a 1158p. : |b col. ill. ; |c 28.5cm. | ||
| 520 | 3 | |a Professionalism. Food safety and sanitation. Nutrition. Recipes and menus. Tools and equipment. Knife skills. Kitchen staples. Dairy products. Principles of cooking. Stocks and sauces... | |
| 630 | 0 | 4 | |a Cookery. |
| 650 | 0 | 4 | |a Cookery. |
| 700 | 1 | |a Hause, Alan M. | |
| OWN | |a DUT | ||
| 999 | |a From the UDN01 | ||
| TYP | |a Monograph | ||
| TYP | |a Printed language | ||
| 980 | |a Mạng thư viện Đại học Đà Nẵng | ||


